000 00325nam a22001097a 4500
008 230704b xxu||||| |||| 00| 0 eng d
082 _a342.430
_bFRG
245 _aThe Basic Law of the Federal Republic of Germany
260 _aGermany
_bPress and Information Office of the Federal Government
300 _a170p
942 _2ddc
_cBK
999 _c3666
_d3666